Ishq Dhamal / (Record no. 523522)
[ view plain ]
| 000 -LEADER | |
|---|---|
| fixed length control field | 00408nam a22001697a 4500 |
| 003 - CONTROL NUMBER IDENTIFIER | |
| control field | NUST |
| 038 ## - RECORD CONTENT LICENSOR | |
| Staff Name | waseem |
| 082 ## - DEWEY DECIMAL CLASSIFICATION NUMBER | |
| Classification number | 891.4391 |
| Author Mark | BEA |
| 100 ## - MAIN ENTRY--PERSONAL NAME | |
| Personal name | Beaa Gee |
| 9 (RLIN) | 14037 |
| 245 ## - TITLE STATEMENT | |
| Title | Ishq Dhamal / |
| Statement of responsibility, etc. | Beaa Gee |
| 260 ## - PUBLICATION, DISTRIBUTION, ETC. | |
| Place of publication, distribution, etc. | Lahore : |
| Name of publisher, distributor, etc. | Maktab-e-Fajar, |
| Date of publication, distribution, etc. | 2018. |
| 300 ## - PHYSICAL DESCRIPTION | |
| Extent | 192 p. ; |
| 500 ## - GENERAL NOTE | |
| General note | Hardcover. |
| 880 ## - ALTERNATE GRAPHIC REPRESENTATION | |
| Linkage | 100-02\r |
| Title | بیاء جی |
| 880 ## - ALTERNATE GRAPHIC REPRESENTATION | |
| Linkage | 245-02\r |
| Title | عشق دھمال |
| 942 ## - ADDED ENTRY ELEMENTS (KOHA) | |
| Source of classification or shelving scheme | |
| Koha item type | Book |
| Withdrawn status | Lost status | Source of classification or shelving scheme | Damaged status | Not for loan | Permanent Location | Current Location | Shelving location | Date acquired | Source of acquisition | Total Checkouts | Full call number | Barcode | Date last seen | Date last checked out | Price effective from | Koha item type |
|---|---|---|---|---|---|---|---|---|---|---|---|---|---|---|---|---|
| Central Library (CL) | Central Library (CL) | Urdu Literature | 03/30/2019 | Donation | 1 | 891.4391 BEA | CL-D-360 | 05/06/2019 | 04/06/2019 | 03/30/2019 | Book | |||||
| Central Library (CL) | Central Library (CL) | Urdu Literature | 03/30/2019 | Donation | 891.4391 BEA | CL-D-361 | 03/30/2019 | 03/30/2019 | Book |
